000 00792nas a2200265 4500
001 BR9604891
003 BR-BrBNA
005 20231205094902.0
007 ta
008 230509b bl.|||p| |||| 00| 00por d
040 _aBR-BrBNA
_bpor
_cBiblioteca Nacional de Agricultura
041 _a(Pt)
072 _aM12
100 1 _aLund, V. de F.X.
100 1 _aBenevides Filho, I.M.
100 1 _aPauls, E.
245 1 _aToxicidade de crioprotetores em embrioes de pacu Piaractus mesopotanicus
650 _aPacu
650 _aEmbriao
650 _aCongelamento
650 _aCrioscopia
773 0 _tRevista Brasileira de Ciencia Veterinaria (Brazil)
_xISSN 1413-0130
_g(Jan-Apr 1996), v. 3(1) p. 11-14
_wBR9604891
909 _a202311
_bLúcia
_c55
_dLúcia Elande
942 _2AGRIS
_n0
_cANA
999 _c147547
_d147547